000
00236 a2200097 4500
001
37336
100
_a
Mathers Pawys
245
_a
Book of thousand Nights and one night
260
_a
Yugoslavia
_b
Dorset Press
_c
090
_c
23807
_d
23807
942
_a
NUST-CAE
_c
M
_c
15344
999
_c
272409
_d
272409